000 01013cam a2200229 i 4500
999 _c57531
_d57531
001 18947795
005 20221109174153.0
008 160126s20162016nyua b 001 0 eng
020 _a9781138948594x
041 _aeng
080 _a658 K-45
100 1 _aKim, Carolyn Mae,
_eauthor.
_99004
245 1 0 _aSocial media campaigns :
_bstrategies for public relations and marketing /
_cCarolyn Mae Kim.
264 1 _aNew York :
_bRoutledge, Taylor & Francis Group,
_c2016.
300 _a181 pages :
_billustratons ;
_c24 cm.
504 _aIncludes bibliographical references and index.
653 _aსაზოგადოებასთან ურთიერთობისა და მარკეტინგის სტრატეგიები
653 _aსოციალური მედია
653 _aКампании в социальных сетях
653 _aстратегии по связям с общественностью и маркетингу
942 _2udc
_cBK